儿童科学实验230 例 (Record no. 21073)

000 -LEADER
fixed length control field 00454nam a22001697a 4500
003 - CONTROL NUMBER IDENTIFIER
control field MPLRDC
005 - DATE AND TIME OF LATEST TRANSACTION
control field 20220104124643.0
008 - FIXED-LENGTH DATA ELEMENTS--GENERAL INFORMATION
fixed length control field 210129b ||||| |||| 00| 0 eng d
082 ## - DEWEY DECIMAL CLASSIFICATION NUMBER
Classification number 307.9 NEX
100 ## - MAIN ENTRY--PERSONAL NAME
Personal name 珀尔. 阿斯特丽德. 纳尔逊著
245 ## - TITLE STATEMENT
Title 儿童科学实验230 例
Statement of responsibility, etc. 李其龙译
250 ## - EDITION STATEMENT
Edition statement 一版一刷
260 ## - PUBLICATION, DISTRIBUTION, ETC.
Place of publication, distribution, etc.
Name of publisher, distributor, etc. 上海教育出版社
Date of publication, distribution, etc. 1980
300 ## - PHYSICAL DESCRIPTION
Other physical details
650 ## - SUBJECT ADDED ENTRY--TOPICAL TERM
Topical term or geographic name entry element 儿童科学读物
942 ## - ADDED ENTRY ELEMENTS (KOHA)
Koha item type Book
-- 307.9 NEX
Holdings
Withdrawn status Lost status Source of classification or shelving scheme Damaged status Not for loan Collection code Home library Current library Shelving location Date acquired Cost, normal purchase price Total Checkouts Full call number Barcode Date last seen Date last checked out Price effective from Koha item type Public note
            Malaysian Public Library, Research and Development Centre Malaysian Public Library, Research and Development Centre   10/12/2007 0.40   307.9 NEX 00021143 17/03/2021 21/08/2016 17/03/2021 Book mplrdc

© 2022. Malaysian Public Library, Research and Development Centre. All Right ReservedE-mailmplrdc@help.edu.my 

Powered by Koha